|
|
|
|
| LEADER |
00000nam1a2200000 4500 |
| 001 |
109668 |
| 005 |
20231031120128.0 |
| 035 |
|
|
|a (RuTPU)RU\TPU\book\118431
|
| 090 |
|
|
|a 109668
|
| 100 |
|
|
|a 20070212d2007 m y0rusy50 ca
|
| 101 |
0 |
|
|a rus
|
| 102 |
|
|
|a RU
|
| 200 |
1 |
|
|a Практическая схемотехника
|f М. А. Шустов
|
| 205 |
|
|
|a 2-е изд., стер.
|
| 210 |
|
|
|a Москва
|c Додэка-XXI
|c Альтекс
|d 2007
|
| 225 |
1 |
|
|a Практическая схемотехника
|
| 700 |
|
1 |
|a Шустов
|b М. А.
|c специалист в области электротехники
|c профессор Томского политехнического университета, доктор технических наук
|f 1952-
|g Михаил Анатольевич
|2 stltpush
|
| 801 |
|
1 |
|a RU
|b 63413507
|c 20070212
|g PSBO
|
| 801 |
|
2 |
|a RU
|b 63413507
|c 20130830
|g PSBO
|
| 942 |
|
|
|c BK
|